000 00717nam a22001697a 4500
020 _a907707340
050 _a(cta)S619.W38
_b W37 2003
100 _aAnschutz, Justine
245 _aWater harvesting and soil moisture retention/
_bAgrodok-series No. 13.
_cJustine Anschutz, Antoinette Kome, Marc Nederlof, Rob de Neef, Ton van de Ven
250 _a2nd ed.
260 _aWageningen, The Netherlands:
_bAgronomisa foundation and CTA,
_c2003.
300 _a95p.:
500 _aincludes table of contents, glossary, appendices, further reading and useful addresses.
650 _v1. Water harvesting 2. Soil moisture retention.
700 _aKome, Antoinette, Nederlof, Marc, Neef, de Rob, van de Ven, Ton
942 _cGEN
999 _c2203
_d2203